000
00295nam a22001337a 4500
008
181011b xxu||||| |||| 00| 0 eng d
020
_a
9780065009767
041
_a
eng
080
_a
574
100
_a
10
101
_a
MJE
245
_a
Ecology and Field Biology
_c
Smith, R.L
942
_2
udc
_c
BK
999
_c
49357
_d
49357